00234nam a22000977a 4500008004100000082001700041100001800058245003100076260002100107300000800128230629b xxu||||| |||| 00| 0 eng d a333.736bODU cC.H.K Muchoki aLand-use in Kwale District aKenyabGOKc1990 a34[